[Event "Sao Bento do Sul op 5th"]
[Site "Sao Bento do Sul"]
[Date "2015.09.05"]
[Round "4"]
[White "Silva, Lucas Henrique Da"]
[Black "Both, Vinicius Andre"]
[Result "1-0"]
[WhiteElo "2142"]
[BlackElo "1804"]
[PlyCount "85"]
[EventDate "2015.09.04"]
[EventType "swiss"]
[EventRounds "6"]
[EventCountry "BRA"]
[SourceTitle "EXT 2016"]
[Source "ChessBase"]
[SourceDate "2015.10.08"]
[SourceVersion "1"]
[SourceVersionDate "2015.10.08"]
[SourceQuality "1"]

1. Nf3 Nf6 2. c4 c6 3. g3 d5 4. b3 g6 5. Bb2 Bg7 6. Bg2 0-0 7. 0-0 Nbd7 8. Qc2 b6 9. d4 Bb7 10. Nc3 Rc8 11. Rad1 Qc7 12. e4 Nxe4 13. Nxe4 dxe4 14. Qxe4 Nf6 15. Qe2 e6 16. Bc1 Rcd8 17. Bf4 Qc8 18. b4 Rfe8 19. Qe3 b5 20. c5 Nd5 21. Qd2 Nxf4 22. Qxf4 Qb8 23. Ne5 Qc7 24. h4 Re7 25. Qe4 Rd5 26. Qe3 Rd8 27. f4 f6 28. Nf3 a5 29. a3 Ra8 30. Rfe1 Bc8 31. Nd2 axb4 32. axb4 Ra4 33. Rb1 f5 34. Nf3 Qa7 35. Ne5 Bxe5 36. Qxe5 Qc7 37. Qd6 Qxd6 38. cxd6 Rd7 39. Rxe6 Kf7 40. Rbe1 Rxb4 41. Bxc6 Ra7 42. Re7+ Rxe7 43. dxe7 1-0

[Event "BRA-ch U20"]
[Site "Blumenau"]
[Date "2014.12.14"]
[Round "6"]
[White "Weise, William Ferreira"]
[Black "Both, Vinicius Andre"]
[Result "0-1"]
[WhiteElo "1615"]
[BlackElo "1789"]
[PlyCount "40"]
[EventDate "2014.12.11"]
[EventType "swiss"]
[EventRounds "7"]
[EventCountry "BRA"]
[SourceTitle "EXT 2016"]
[Source "ChessBase"]
[SourceDate "2015.10.08"]
[SourceVersion "1"]
[SourceVersionDate "2015.10.08"]
[SourceQuality "1"]

1. e4 c6 2. d4 d5 3. f3 dxe4 4. Bc4 Nf6 5. fxe4 Bg4 6. Nf3 e6 7. e5 Nd5 8. 0-0 Be7 9. Bd3 Bh5 10. c3 Bg6 11. Qc2 c5 12. Bd2 Nc6 13. Na3 0-0 14. Nc4 cxd4 15. cxd4 Ncb4 16. Bxb4 Nxb4 17. Qb3 Bxd3 18. Rfd1 Bc2 19. Qe3 Bxd1 20. Rxd1 Rc8 0-1

[Event "BRA-ch U20"]
[Site "Blumenau"]
[Date "2014.12.11"]
[Round "1"]
[White "Both, Vinicius Andre"]
[Black "Fukase, Victor Yukio"]
[Result "0-1"]
[WhiteElo "1789"]
[BlackElo "1788"]
[PlyCount "40"]
[EventDate "2014.12.11"]
[EventType "swiss"]
[EventRounds "7"]
[EventCountry "BRA"]
[SourceTitle "EXT 2016"]
[Source "ChessBase"]
[SourceDate "2015.10.08"]
[SourceVersion "1"]
[SourceVersionDate "2015.10.08"]
[SourceQuality "1"]

1. d4 Nf6 2. Nf3 d5 3. c4 e6 4. e3 Nc6 5. cxd5 exd5 6. Bb5 Bd6 7. 0-0 0-0 8. h3 Ne7 9. Nc3 c6 10. Bd3 Re8 11. Rb1 Ng6 12. b4 Bc7 13. b5 Qd6 14. Bxg6 hxg6 15. bxc6 bxc6 16. Qa4 Bf5 17. Rb7 Ne4 18. Nxe4 dxe4 19. Ba3 Qd8 20. Qxc6 Rc8 0-1

[Event "Florianopolis Ribeiro Neto Memorial"]
[Site "Florianopolis"]
[Date "2014.09.12"]
[Round "1"]
[White "Barbosa, Alvaro Lourenco"]
[Black "Both, Vinicius Andre"]
[Result "1-0"]
[WhiteElo "1778"]
[BlackElo "1803"]
[PlyCount "69"]
[EventDate "2014.09.12"]
[EventType "swiss"]
[EventRounds "6"]
[EventCountry "BRA"]
[SourceTitle "EXT 2015"]
[Source "ChessBase"]
[SourceDate "2014.11.20"]
[SourceVersion "1"]
[SourceVersionDate "2014.11.20"]
[SourceQuality "1"]

1. d4 Nf6 2. Bf4 d5 3. Nf3 e6 4. e3 c5 5. c3 Nc6 6. Nbd2 Be7 7. h3 0-0 8. Bd3 b6 9. Qc2 Bb7 10. 0-0 c4 11. Be2 b5 12. a3 a5 13. e4 b4 14. exd5 exd5 15. axb4 axb4 16. Qf5 Qd7 17. Qxd7 Nxd7 18. Ne5 Ndxe5 19. Bxe5 Nxe5 20. dxe5 f6 21. Nf3 Rfe8 22. Rfe1 fxe5 23. Nxe5 Rxa1 24. Rxa1 Bf6 25. f4 Bxe5 26. fxe5 Rxe5 27. Bf3 bxc3 28. bxc3 Kf7 29. Ra7 Re7 30. Rxb7 d4 31. Rxe7+ Kxe7 32. cxd4 c3 33. Be4 h6 34. Kf2 Kd6 35. Ke3 1-0